000 00593nam a2200205 i 4500
001 140944
003 ES-MaACL
005 20230906200203.0
007 t|
008 070918s1926 sp ||||0| spa d
016 7 _zIND2000945571
040 _aM-BN
_bspa
_cCDM
100 1 _aWilhelm, Richard.
_9116843
245 1 0 _aKung-Tsé
_b: (Confucio) /
_cRicardo Wilhelm ; traducción del alemán por A. García-Molins.
260 _aMadrid :
_b[s.n.],
_c1926 (
_fTip. Nacional)
300 _a178 p. ;
_c24 cm.
600 0 4 _aConfucio.
_940169
852 _aES-MaACL
_jF-71
999 _c140944
_d140944